000 00660nam a2200289Ia 4500
005 20260324120201.0
008 008 260324s9999 xx 000 0 eng d
020 _a9780429168239
037 _aEBOOK
040 _aCRL
040 _beng
040 _cCRL
041 _2eng
041 _aeng
084 _qCRL
100 _aHanqing Wu; Liz Zhao
_91157567
245 0 _aWeb Security
245 2 _bA WhiteHat Perspective
260 _bTaylor and Francis
260 _c2015
365 _a
365 _b370
856 _uhttp://www.taylorfrancis.com/books/9780429168239
942 _cEBOOK
999 _c1748949
_d1748949